Epistolario de S. Braulio de Zaragoza / (Record no. 175675)

MARC details
000 -LEADER
campo de control de longitud fija 01079nam a2200265 i 4500
001 - NÚMERO DE CONTROL
campo de control 175675
003 - IDENTIFICADOR DE NÚMERO DE CONTROL
campo de control ES-MaACL
005 - FECHA Y HORA DE LA ÚLTIMA TRANSACCIÓN
campo de control 20230906215905.0
007 - CAMPO FIJO DE DESCRIPCIÓN FÍSICA--INFORMACIÓN GENERAL
campo de control de longitud fija t|
008 - DATOS DE LONGITUD FIJA--INFORMACIÓN GENERAL
campo de control de longitud fija 101116s1941 sp a ||||1| spa d
080 ## - NÚMERO DE LA CLASIFICACIÓN DECIMAL UNIVERSAL
Número de la Clasificación Decimal Universal 929 Braulio, Santo
100 1# - ENTRADA PRINCIPAL--NOMBRE DE PERSONA
Nombre de persona Braulio
Títulos y otros términos asociados al nombre Santo.
9 (RLIN) 31409
245 10 - MENCIÓN DEL TÍTULO
Título Epistolario de S. Braulio de Zaragoza /
Mención de responsabilidad, etc. edición crítica según el Códice 22 del Archivo Capitular de León, con una introducción histórica y comentario por José Madoz.
260 ## - PUBLICACIÓN, DISTRIBUCIÓN, ETC.
Lugar de publicación, distribución, etc. Madrid :
Nombre del editor, distribuidor, etc. Patronato Raimundo Lulio :
-- Instituto Francisco Suárez,
Fecha de publicación, distribución, etc. 1941.
300 ## - DESCRIPCIÓN FÍSICA
Extensión VI, 243 p. :
Otras características físicas il. bl. y n. ;
Dimensiones 25 cm.
490 1# - MENCIÓN DE SERIE
Mención de serie Biblioteca de antiguos escritores cristianos españoles ;
Designación de volumen o secuencia 1
500 ## - NOTA GENERAL
Nota general Índices.
600 04 - PUNTO DE ACCESO ADICIONAL DE MATERIA--NOMBRE DE PERSONA
Nombre de persona Braulio
Títulos y otros términos asociados al nombre Santo-
Subdivisión de forma Correspondencia.
9 (RLIN) 143959
700 1# - ENTRADA AGREGADA--NOMBRE PERSONAL
Nombre de persona Madoz, José.
9 (RLIN) 143958
710 0# - ENTRADA AGREGADA--NOMBRE DE ENTIDAD CORPORATIVA
Nombre de entidad corporativa o nombre de jurisdicción como elemento de entrada Patronato Raimundo Lulio (Madrid)
9 (RLIN) 6198
710 2# - ENTRADA AGREGADA--NOMBRE DE ENTIDAD CORPORATIVA
Nombre de entidad corporativa o nombre de jurisdicción como elemento de entrada Instituto "Francisco Suárez"
9 (RLIN) 5062
830 0# - PUNTO DE ACCESO ADICIONAL DE SERIE-TÍTULO UNIFORME
Título uniforme Biblioteca de antiguos escritores cristianos españoles ;
Designación de volumen o secuencia 1
9 (RLIN) 189822
852 ## - LOCALIZACIÓN
Ubicación ES-MaACL
Número de control de estantería E-13540
Encuadernación Olim P-780
Holdings
Estatus retirado Estado de pérdida Estado de daño No para préstamo Biblioteca de origen Biblioteca actual Ubicación en estantería Fecha de adquisición Fuente de adquisición Total de préstamos Signatura topográfica completa Código de barras Visto por última vez Precio de reemplazo Tipo de ítem Koha
        Biblioteca del Ateneo de Madrid Biblioteca del Ateneo de Madrid Depósito 2 16/11/2010     E-13540 1184476 23/02/2023 23/02/2023 Libro impreso